[Event "CRO-chT2"]
[Site "Opatija"]
[Date "1995.??.??"]
[Round "?"]
[White "Mufic, Goran"]
[Black "Damjanovic, Mato"]
[Result "1/2-1/2"]
[WhiteElo "2345"]
[BlackElo "2330"]
[PlyCount "77"]
[EventDate "1995.??.??"]
[EventType "team"]
[EventRounds "9"]
[EventCountry "CRO"]
[SourceTitle "EXT 1998"]
[Source "ChessBase"]
[SourceDate "1997.11.17"]
[SourceVersion "1"]
[SourceVersionDate "1997.11.17"]
[SourceQuality "1"]

1. d4 Nf6 2. Nf3 e6 3. Bg5 Be7 4. e3 c5 5. c3 b6 6. Nbd2 Bb7 7. Bd3 cxd4 8. exd4 d6 9. 0-0 Nbd7 10. Re1 0-0 11. Qe2 a6 12. Rad1 Re8 13. a3 Qc7 14. Nf1 Bf8 15. Ng3 b5 16. Ne4 Nxe4 17. Bxe4 Bxe4 18. Qxe4 h6 19. Bd2 f5 20. Qd3 Nf6 21. d5 Nxd5 22. Rxe6 Rxe6 23. Qxd5 Rae8 24. Nd4 Qc4 25. Qxc4 bxc4 26. Nxe6 Rxe6 27. Kf1 Re8 28. Bc1 Rc8 29. Rd5 g6 30. f3 Kf7 31. g4 fxg4 32. fxg4 Ke6 33. Rd2 Bg7 34. Re2+ Kd7 35. Kg2 Rf8 36. h3 Rf7 37. Bd2 Rf8 38. Bc1 Rf7 39. Bd2 1/2-1/2

[Event "Tel Aviv-B"]
[Site "Tel Aviv"]
[Date "1991.??.??"]
[Round "2"]
[White "Andrianov, Nikolai Ivanovich"]
[Black "Damjanovic, Mato"]
[Result "1-0"]
[WhiteElo "2445"]
[BlackElo "2325"]
[PlyCount "51"]
[EventDate "1991.07.??"]
[EventType "tourn"]
[EventRounds "11"]
[EventCountry "ISR"]
[EventCategory "5"]
[SourceTitle "CBM 027 Extra"]
[Source "ChessBase"]
[SourceDate "1992.05.01"]
[SourceVersion "1"]
[SourceVersionDate "1992.05.01"]
[SourceQuality "1"]

1. d4 Nf6 2. Nf3 g6 3. Bf4 Bg7 4. e3 0-0 5. Be2 c5 6. 0-0 cxd4 7. exd4 d5 8. c3 Nc6 9. Nbd2 Nh5 10. Be3 Qc7 11. Re1 f5 12. Nb3 e6 13. Rc1 Nf6 14. Bb5 Ng4 15. Bd2 Nd8 16. c4 dxc4 17. Bb4 Qb6 18. Bxf8 Qxb5 19. Bxg7 cxb3 20. h3 Kxg7 21. hxg4 bxa2 22. Rc7+ Kg8 23. gxf5 Qxf5 24. d5 Nf7 25. Qa4 Nd6 26. Qxa2 1-0

[Event "Tel Aviv-B"]
[Site "Tel Aviv"]
[Date "1991.??.??"]
[Round "6"]
[White "Har Zvi, Ronen"]
[Black "Damjanovic, Mato"]
[Result "1-0"]
[WhiteElo "2240"]
[BlackElo "2325"]
[PlyCount "96"]
[EventDate "1991.07.??"]
[EventType "tourn"]
[EventRounds "11"]
[EventCountry "ISR"]
[EventCategory "5"]
[SourceTitle "CBM 027 Extra"]
[Source "ChessBase"]
[SourceDate "1992.05.01"]
[SourceVersion "1"]
[SourceVersionDate "1992.05.01"]
[SourceQuality "1"]

1. c4 e5 2. g3 Nf6 3. Bg2 d5 4. cxd5 Nxd5 5. Nc3 Nb6 6. Nf3 Nc6 7. 0-0 Be7 8. d3 0-0 9. Be3 Be6 10. Na4 f6 11. Nc5 Bxc5 12. Bxc5 Re8 13. Qc2 Nd5 14. Rfd1 b6 15. e4 bxc5 16. exd5 Bxd5 17. Qxc5 Rb8 18. b3 Bxf3 19. Bxf3 Nd4 20. Bg2 Rb6 21. Kh1 Qd6 22. Qc4+ Kf8 23. Re1 Rb4 24. Qc3 Rb5 25. Rac1 Ne6 26. Be4 Rc5 27. Qd2 Kg8 28. Qe2 g6 29. h4 Nd4 30. Qe3 Nc2 31. Qxc5 Qxc5 32. Re2 Re7 33. Rexc2 Qa5 34. a4 Kg7 35. Rc5 Qb6 36. Bd5 Qd6 37. Kg2 f5 38. b4 e4 39. dxe4 fxe4 40. Re1 a5 41. Rxe4 Rxe4 42. Bxe4 axb4 43. Rb5 Qd4 44. f3 Qc4 45. Rb7 Kf6 46. a5 c5 47. Rb6+ Ke5 48. a6 Qa2+ 1-0

[Event "Prague Bohemians-B"]
[Site "Prague"]
[Date "1990.??.??"]
[Round "?"]
[White "Damjanovic, Mato"]
[Black "Spacek, Petr"]
[Result "1/2-1/2"]
[WhiteElo "2335"]
[BlackElo "2410"]
[PlyCount "23"]
[EventDate "1990.01.??"]
[EventType "tourn"]
[EventRounds "13"]
[EventCountry "CZE"]
[EventCategory "2"]
[SourceTitle "EXT 1997"]
[Source "ChessBase"]
[SourceDate "1996.11.15"]
[SourceVersion "1"]
[SourceVersionDate "1996.11.15"]
[SourceQuality "1"]

1. e4 g6 2. d4 Bg7 3. c4 c5 4. d5 d6 5. Be2 Nf6 6. Nc3 0-0 7. Nf3 e6 8. 0-0 exd5 9. cxd5 Bg4 10. h3 Bxf3 11. Bxf3 a6 12. a4 1/2-1/2